Brazil : EIU Country profile 2004/2005.
| Format: | Book |
|---|---|
| Published: |
[London]:
The Economist Intelligence Unit,
2004.
|
| Subjects: |
| LEADER | 00402cam a2200133 7i4500 | ||
|---|---|---|---|
| 001 | 0000014669 | ||
| 005 | 20211110090000.0 | ||
| 090 | 0 | 0 | |a BRAZ 330.9 |b BRA |
| 245 | 0 | 0 | |a Brazil : |b EIU Country profile 2004/2005. |
| 260 | 0 | 0 | |a [London]: |b The Economist Intelligence Unit, |c 2004. |
| 300 | # | # | |a 49 p. |
| 650 | 0 | 0 | |a Brazil -- |x Country profile |
| 651 | 0 | 0 | |a Brazil |
| 999 | |a B000016377 |b Book |c Countries |e Business Information Centre | ||